Culture Générale - Série 1209 - Statistiques

Statistiques générales
  • Ce quiz a été pris 97 fois
  • Le résultat moyen est 5 sur 10
Statistiques - réponses
Question Réponse % Correct
Quel élément indispensable à la vie est surnommé "l'or bleu" ? eau
90%
En 1979, de quelle pièce de Molière Louis de Funès cosigne-t-il l'adaptation cinématographique ? L'Avare
73%
De quel pays la ville de Dacca est-elle la capitale ? Bangladesh
62%
Quel réalisateur, prénommé Milos, né en ex-Tchécoslovaquie a signé le film "Larry Flynt" ? Milos Forman
61%
D'après le titre d'un film d'Alexandre Arcady de 1979, quel vent sec et chaud venu du Sahara se lève brutalement ? sirocco
61%
Dans le film “Belle de jour”, quelle actrice incarne l'héroïne qui laisse libre cours à ses fantasmes ? Catherine Deneuve
52%
Qui est l'auteur du chef-d'oeuvre : "Moby Dick", paru en 1851 aux États-Unis ? Herman Melville
38%
Sous quel nom Angiolino Borrini, champion européen de lutte, s'est-il fait connaître au cinéma ? Lino Ventura
27%
Quel homme politique athénien du Ve siècle avant Jésus Christ était surnommé "l'Olympien" ? Périclès
23%
Dans le film "Rocky", quel est le nom du champion du monde de boxe, incarné par Carl Weathers, que Sylvester Stallone doit affronter ? Apollo Creed
21%
Aucun quiz correspondant
Distribution des résultats
% des personnes avec chaque résultat
Percentile par nombre de réponses
Votre historique - résultats
Vous n’avez pas pris ce quiz